| 000 | 00347 a2200157 4500 | ||
|---|---|---|---|
| 001 | 194933 | ||
| 040 | _cMagnum | ||
| 100 | _aLIMA, Aristides Fraga | ||
| 240 | 1 | 0 |
_aOs pequenos jangadeiros _lpor |
| 245 | 1 | 0 | _aOs pequenos jangadeiros |
| 300 | _a81 | ||
| 362 | 0 | _a1984 | |
| 440 | 1 | _aÁtica | |
| 697 | _aLITERATURA INFANTO-JUVENIL | ||
| 942 | _cBK | ||
| 999 |
_c194933 _d194933 |
||